|
|
|
|
| LEADER |
00000cam a2200000 a 4500 |
| 001 |
vtls008852309 |
| 003 |
SK-MaSNL |
| 005 |
20260302042305.0 |
| 008 |
130117s2006 xo f u 000 0 slo |
| 015 |
|
|
|a SNBN2017
|
| 020 |
|
|
|c (cen. skup. 5)
|
| 040 |
|
|
|a SNK
|b slo
|c SNK
|e AACR2
|
| 041 |
1 |
|
|a slo
|h eng
|
| 044 |
|
|
|a xo
|c SK
|
| 046 |
|
|
|a s
|m 200610 (účin.)
|
| 072 |
|
7 |
|a 621
|x Strojárstvo
|2 konspekt
|
| 080 |
|
|
|a 621.762
|2 2001
|
| 080 |
|
|
|a 006.86
|2 2001
|
| 080 |
|
|
|a (437.6)
|2 2001
|
| 080 |
|
|
|a (4)
|2 2001
|
| 080 |
|
|
|a (083.74)
|2 2001
|
| 084 |
|
|
|a 77.160
|2 ICS
|
| 130 |
0 |
|
|a STN 42 0890 (STN ISO 4491-3/Z1)
|9 694927
|
| 245 |
1 |
0 |
|a STN ISO 4491-3/Z1: 2006 (42 0890), Kovové prášky. Stanovenie obsahu kyslíka redukčnými metódami
|n Časť 3
|p Kyslík redukovateľný vodíkom. Zmena 1
|
| 246 |
1 |
0 |
|a Kovové prášky
|
| 246 |
1 |
0 |
|a Stanovenie obsahu kyslíka redukčnými metódami
|
| 246 |
1 |
0 |
|a Kyslík redukovateľný vodíkom
|
| 246 |
3 |
0 |
|a EN ISO 4491-3: 2006 E
|
| 260 |
|
|
|a Bratislava
|b Slovenský ústav technickej normalizácie
|c 2006
|
| 300 |
|
|
|a 4 s.
|c 30 cm
|
| 540 |
|
|
|a STN vydané na akomkoľvek nosiči sa môžu rozmnožovať a rozširovať iba so súhlasom určenej právnickej osoby
|b SÚTN Bratislava
|c zákon 264/1999 Z.z.
|
| 650 |
0 |
7 |
|a prášková metalurgia
|2 SNKPH
|9 86852
|
| 650 |
0 |
7 |
|a technické normy a štandardy
|z Slovensko
|2 SNKPH
|9 79594
|
| 650 |
0 |
7 |
|a technické normy a štandardy
|z krajiny Európskej únie
|2 SNKPH
|9 289341
|
| 650 |
0 |
7 |
|a Powder metallurgy
|2 SNKPHeng
|9 266882
|
| 655 |
|
7 |
|a normy
|2 SNKPH
|9 70643
|
| 710 |
2 |
|
|a Slovenský ústav technickej normalizácie
|4 stn
|9 32706
|
| 774 |
1 |
8 |
|t STN ISO 4491-3: 2001
|d Bratislava : Slovenský ústav technickej normalizácie, 2001
|w vtls010458980
|
| 958 |
|
|
|a OP
|
| 999 |
|
|
|c 1082306
|d 1084236
|
| 952 |
|
|
|a SNK
|b SNK
|y PREZ
|7 0
|p 17A0522940
|o snkSTN ISO 4491-3/Z1
|i snk2006/19944
|8 0
|0 0
|1 0
|4 0
|d 2006-10-05
|l 0
|r 2026-02-24 16:29:23
|w 2026-02-24
|
| 952 |
|
|
|a SNK
|b SNK
|y PREZ
|7 0
|p 17A0522943
|o snkSTN ISO 4491-3/Z1 D1
|i snk2006/19945
|8 0
|0 0
|1 0
|4 0
|d 2006-10-05
|l 0
|r 2026-02-24 16:29:23
|w 2026-02-24
|